|
|
|
|
| LEADER |
02304nam a2200601 a 4500 |
| 001 |
nkc20102150174 |
| 003 |
CZ PrNK |
| 005 |
20180122235010.0 |
| 007 |
ta |
| 008 |
101130s2010 xr a e 000 0acze |
| 015 |
|
|
|a cnb002150174
|
| 020 |
|
|
|a 978-80-7422-047-0
|q (brož.)
|
| 035 |
|
|
|a (OCoLC)697267953
|
| 040 |
|
|
|a ABA001
|b cze
|
| 041 |
1 |
|
|a cze
|a eng
|h cze
|
| 043 |
|
|
|a e-xr---
|
| 045 |
|
|
|a x8y1
|
| 072 |
|
7 |
|a 75
|x Malířství
|2 Konspekt
|9 21
|
| 072 |
|
7 |
|a 929
|x Biografie
|2 Konspekt
|9 8
|
| 080 |
|
|
|a 75.071.1
|2 MRF
|
| 080 |
|
|
|a 74/76.05.071.1
|2 MRF
|
| 080 |
|
|
|a 929
|2 MRF
|
| 080 |
|
|
|a 74/76.05
|2 MRF
|
| 080 |
|
|
|a (437.3)
|2 MRF
|
| 080 |
|
|
|a (084.11)
|2 MRF
|
| 080 |
|
|
|a (0:82-94)
|2 MRF
|
| 100 |
1 |
|
|a Jirků, Boris,
|d 1955-2026
|7 jn19990209318
|4 art
|
| 245 |
1 |
0 |
|a Boris Jirků :
|b ilustrace
|
| 246 |
3 |
|
|a Ilustrace - Boris Jirků
|
| 260 |
|
|
|a Praha :
|b NLN, Nakladatelství Lidové noviny,
|c 2010
|
| 300 |
|
|
|a 245 s. :
|b il. (převážně barev.) ;
|c 30 cm
|
| 500 |
|
|
|a Rozložená tit. s.
|
| 521 |
8 |
|
|a Určeno jako učební pomůcka pro studenty středních a vysokých uměleckých škol v oboru ilustrace a knižní kultura
|
| 546 |
|
|
|a Souběžný anglický text
|
| 600 |
1 |
7 |
|a Jirků, Boris,
|d 1955-2026
|7 jn19990209318
|2 czenas
|
| 648 |
|
4 |
|a 1984-2010
|
| 650 |
0 |
7 |
|a malíři
|7 ph122596
|z Česko
|y 20.-21. století
|2 czenas
|
| 650 |
0 |
7 |
|a ilustrátoři
|7 ph152832
|z Česko
|y 20.-21. století
|2 czenas
|
| 650 |
0 |
7 |
|a knižní ilustrace
|7 ph114931
|z Česko
|y 20.-21. století
|2 czenas
|
| 650 |
0 |
9 |
|a painters
|z Czechia
|y 20th-21st centuries
|2 eczenas
|
| 650 |
0 |
9 |
|a illustrators
|z Czechia
|y 20th-21st centuries
|2 eczenas
|
| 650 |
0 |
9 |
|a illustration of books
|z Czechia
|y 20th-21st centuries
|2 eczenas
|
| 655 |
|
7 |
|a obrazové publikace
|7 fd132947
|2 czenas
|
| 655 |
|
7 |
|a autobiografické vzpomínky
|7 fd131854
|2 czenas
|
| 655 |
|
9 |
|a pictorial works
|2 eczenas
|
| 655 |
|
9 |
|a autobiographical reminiscences
|2 eczenas
|
| 856 |
4 |
1 |
|u http://www.digitalniknihovna.cz/mzk/uuid/uuid:b5697b70-b33f-11e7-a000-005056827e51
|y Digitalizovaný dokument
|x NDK
|
| 910 |
2 |
|
|a BOA001
|b 4-1255.057
|
| 928 |
9 |
|
|a Nakladatelství Lidové noviny
|
| 990 |
|
|
|a BK
|
| 995 |
|
|
|a 01
|
| 991 |
|
|
|b 201101
|c NOV
|e n
|
| 996 |
6 |
|
|b 2610456544
|c 4-1255.057
|l MZK
|r Sklad / do 1 hodiny
|n 6
|p p.v.
|w 001161529
|u 000010
|a 1
|e BOA001
|j MZK50
|s P
|